LEADER 00887nam a2200265 i 4500 001 991000841709707536 005 20020507174337.0 008 990602s1956 it ||| | ita 035 $ab10764847-39ule_inst 035 $aLE01303150$9ExL 040 $aDip.to Matematica$beng 082 0 $a390.1 084 $aAMS 01-00 084 $aAMS 90-03 100 1 $aCarano-Donvito, Giovanni$039416 245 10$aEconomisti di Puglia /$cGiovanni Carano-Donvito 260 $aFirenze :$bLa Nuova Italia,$c1956 300 $a458 p. ;$c23 cm. 650 4$aEconomics-history 907 $a.b10764847$b21-09-06$c28-06-02 912 $a991000841709707536 945 $aLE013 90-XX CAR11 (1956)$g1$i2013000116327$lle013$o-$pE0.00$q-$rl$s- $t0$u0$v0$w0$x0$y.i1086037x$z28-06-02 996 $aEconomisti di Puglia$9202564 997 $aUNISALENTO 998 $ale013$b01-01-99$cm$da $e-$fita$git $h0$i1 LEADER 02875nam 22007212 450 001 9910971753603321 005 20151005020621.0 010 $a1-139-85447-X 010 $a1-107-23801-3 010 $a1-139-84066-5 010 $a1-139-42489-0 010 $a1-139-84622-1 010 $a1-139-84303-6 010 $a1-139-84539-X 010 $a1-283-83639-4 010 $a1-139-84185-8 035 $a(CKB)2550000000708965 035 $a(EBL)1057558 035 $a(OCoLC)818883501 035 $a(SSID)ssj0000759149 035 $a(PQKBManifestationID)11418563 035 $a(PQKBTitleCode)TC0000759149 035 $a(PQKBWorkID)10782746 035 $a(PQKB)11124547 035 $a(UkCbUP)CR9781139424899 035 $a(MiAaPQ)EBC1057558 035 $a(Au-PeEL)EBL1057558 035 $a(CaPaEBR)ebr10628039 035 $a(CaONFJC)MIL414889 035 $a(EXLCZ)992550000000708965 100 $a20120501d2013|||| uy| 0 101 0 $aeng 135 $aur||||||||||| 181 $ctxt$2rdacontent 182 $cc$2rdamedia 183 $acr$2rdacarrier 200 10$aAnarchy and legal order $elaw and politics for a stateless society /$fGary Chartier 205 $a1st ed. 210 1$aCambridge :$cCambridge University Press,$d2013. 215 $a1 online resource (xvi, 416 pages) $cdigital, PDF file(s) 300 $aTitle from publisher's bibliographic system (viewed on 05 Oct 2015). 311 08$a1-107-66161-7 311 08$a1-107-03228-8 320 $aIncludes bibliographical references and index. 327 $aLaying foundations -- Rejecting aggression -- Safeguarding cooperation -- Enforcing law -- Rectifying injury -- Liberating society -- Situating liberation. 330 $aThis book elaborates and defends the idea of law without the state. Animated by a vision of peaceful, voluntary cooperation as a social ideal and building on a careful account of non-aggression, it features a clear explanation of why the state is illegitimate, dangerous and unnecessary. It proposes an understanding of how law enforcement in a stateless society could be legitimate and what the optimal substance of law without the state might be, suggests ways in which a stateless legal order could foster the growth of a culture of freedom, and situates the project it elaborates in relation to leftist, anti-capitalist and socialist traditions. 517 3 $aAnarchy & Legal Order 606 $aLaw$xPhilosophy 606 $aRule of law 606 $aState, The 606 $aAnarchism 615 0$aLaw$xPhilosophy. 615 0$aRule of law. 615 0$aState, The. 615 0$aAnarchism. 676 $a340/.1 700 $aChartier$b Gary$0853656 801 0$bUkCbUP 801 1$bUkCbUP 906 $aBOOK 912 $a9910971753603321 996 $aAnarchy and legal order$94426446 997 $aUNINA